Derecho de obligaciones y contratos / (Record no. 147492)
[ view plain ]
| 000 -LEADER | |
|---|---|
| fixed length control field | 00683cam a2200205 4500 |
| 008 - FIXED-LENGTH DATA ELEMENTS--GENERAL INFORMATION | |
| fixed length control field | 090513t19991999sp gr spa |
| 020 ## - INTERNATIONAL STANDARD BOOK NUMBER | |
| International Standard Book Number | 8476985649 |
| 050 04 - LIBRARY OF CONGRESS CALL NUMBER | |
| Classification number | KKT810 |
| Item number | R64 1999 |
| 100 1# - MAIN ENTRY--PERSONAL NAME | |
| Personal name | Rogel Vide, Carlos |
| 245 10 - TITLE STATEMENT | |
| Title | Derecho de obligaciones y contratos / |
| Statement of responsibility, etc | Carlos Rogel Vide |
| 250 ## - EDITION STATEMENT | |
| Edition statement | 2a ed. |
| 260 ## - PUBLICATION, DISTRIBUTION, ETC. (IMPRINT) | |
| Place of publication, distribution, etc | Barcelona, España : |
| Name of publisher, distributor, etc | J.M. Bosch, |
| Date of publication, distribution, etc | 1999 |
| 300 ## - PHYSICAL DESCRIPTION | |
| Extent | 328 páginas ; |
| Dimensions | 21 cm. |
| 440 #0 - SERIES STATEMENT/ADDED ENTRY--TITLE | |
| Title | Manuales universitarios de bolsillo |
| Name of part/section of a work | Serie de Derecho |
| 504 ## - BIBLIOGRAPHY, ETC. NOTE | |
| Bibliography, etc | Incluye índice |
| 506 ## - RESTRICTIONS ON ACCESS NOTE | |
| Terms governing access | Donado por la dirección de la Facultad |
| 650 #7 - SUBJECT ADDED ENTRY--TOPICAL TERM | |
| Topical term or geographic name as entry element | Derecho Civil |
| Geographic subdivision | México |
| Source of heading or term | lemb |
| 650 #7 - SUBJECT ADDED ENTRY--TOPICAL TERM | |
| Topical term or geographic name as entry element | Obligaciones |
| General subdivision | Contratos |
| Geographic subdivision | México |
| Source of heading or term | lemb |
| 942 ## - ADDED ENTRY ELEMENTS (KOHA) | |
| Source of classification or shelving scheme | Biblioteca del Cogreso de los Estados Unidos |
| Koha item type | Libro |
| Estado de pérdida | Fuente de clasificación | Estado del daño | No para préstamo | Ubicación permanente | Ubicación actual | Apartado o colección | Fecha de adquisición | Edición | Dependencia de educación superior (DES) | Área del conocimiento | Total Checkouts | Clasificación | Código de Barras | Date last seen | Número de copia | Costo por reposición | Tipo de recurso |
|---|---|---|---|---|---|---|---|---|---|---|---|---|---|---|---|---|---|
| Biblioteca del Cogreso de los Estados Unidos | Biblioteca de la Facultad de Derecho y Ciencias Sociales "Felipe J. Tena" | Biblioteca de la Facultad de Derecho y Ciencias Sociales "Felipe J. Tena" | General | 24/05/2022 | 2a ed. | Derecho | Ciencias Sociales y Administrativas | KKT810 R64 1999 | BFD000013150 | 24/05/2022 | 1 | 1.00 | Libro |